000 00497nam a2200181Ia 4500
999 _c29966
_d29966
003 OSt
005 20201224101027.0
008 190216s9999||||xx |||||||||||||| ||und||
020 _a9788188014002
040 _coclc
082 _a894.8128
_bDAS/N
100 _aDas, I V
_97202
245 0 _aNithyachaithanyam /
_cI V Das
260 _bLipi Publications,
_c2010.
_aKozhikode:
300 _a285p
650 _aPadanam
942 _cBK
_2ddc
_h894.8128
_iDAS/N
_k894.8128
_mDAS/N